| 000 | 00401cam a22001337a 4500 | ||
|---|---|---|---|
| 008 | 180718b2002 xxu||||| |||| 00| 0 eng d | ||
| 020 | _a81 267 0466 7 | ||
| 100 | _aChendershekher | ||
| 245 |
_aChendershekher sanwad do rachanatmak beichenee main _cby Chendershekher; edited by Harivansh |
||
| 260 |
_aPatna _bVani Prakashan _c2002 |
||
| 300 | _a218p. | ||
| 650 | _aChendershekher | ||
| 700 | _aHarivansh | ||
| 999 |
_c439190 _d439190 |
||